000 02680nam a22003137a 4500
005 20250612155116.0
007 cr
008 210913e20210505ag |||||om||| 00| 0 spa d
040 _aAR-FvUNAJ
_cAR-FvUNAJ
_eaacr2
041 _aspa
100 1 _aFleitas, Brenda Anahi
_913287
245 1 0 _aAnálisis de la intervención kinésica en la presión intracraneal de los pacientes con traumatismo craneoencefálico grave en la unidad de cuidados intensivos /
_cBrenda Anahi Fleitas
260 _aFlorencio Varela:
_bUniversidad Nacional Arturo Jauretche,
_c2021
300 _a73 p.
502 _bTesis para obtener el titulo de Licenciado/a.
_cUniversidad Nacional Arturo Jauretche.
520 3 _aEl traumatismo craneoencefálico (TEC) es denominado una “epidemia silenciosa” ya que es una de las mayores causantes de morbimortalidad a nivel mundial. La organización mundial de la salud (OMS) estima que en los próximos años será la primera causa entre lesiones relacionadas con trauma. Forma parte de un importante problema de salud como así también económico y social. La lesión cerebral traumática grave, es decir, aquella cuyo Glasgow es menor o igual a 8, es una causa común de ingreso a la UCI. Dentro del equipo que interviene en el cuidado y manejo de los pacientes, se encuentra el profesional Licenciado en Kinesiología y Fisiatría que se especializa en áreas críticas para poder realizar dichas intervenciones y tomar las decisiones pertinentes. La kinesiología respiratoria ha cobrado gran importancia en estas últimas décadas interviniendo tanto en la optimización de la ventilación como así también en la prevención de patologías asociadas a la misma entre otras medidas y prácticas relacionadas a los “cuidados respiratorios”. Es por ello que, el presente trabajo tiene como objetivo analizar los efectos de la intervención kinésica en los pacientes con traumatismo craneoencefálico
540 _aEsta obra está bajo una Licencia Creative Commons Argentina. Atribución – no comercial – sin obra derivada 4.0
_uhttps://creativecommons.org/licenses/by-nc-nd/4.0/
630 0 _911487
_aLicenciatura en Kinesiología y Fisiatría
650 2 7 _2desc
_913344
_aBRAIN INJURIES
650 2 0 _aINTRACRANIAL PRESSURE
_913289
650 2 0 _aINTRACRANIAL HYPERTENSION
_913290
650 2 0 _aPHYSICAL THERAPY MODALITIES
_913291
650 2 7 _2desc
_913348
_aPRONE POSITION
700 1 _914547
_aGosis, Carolina
_eDirección
856 4 1 _uhttps://rid.unaj.edu.ar/handle/123456789/2209
_qapplication/pdf
942 _2ddc
_cTF
980 _620072
_a Regueira
_820072
_g Matías Regueira
999 _c7108
_d7108